[Event "Moscow Open 2018 AB"]
[Site "?"]
[Date "2018.01.29"]
[Round "3.4"]
[White "Savchenko, Boris"]
[Black "Yeletsky, Ivan"]
[Result "1-0"]
[BlackElo "2406"]
[WhiteElo "2566"]
[LiveChessVersion "1.4.8"]

1. e4 e5 2. Nf3 {[%clk 1:30:01]} Nc6 {[%clk 1:29:28]} 3. Bb5 {[%clk 1:30:25]} a6
{[%clk 1:29:47]} 4. Ba4 Nf6 {[%clk 1:28:56]} 5. O-O {[%clk 1:31:05]} Be7
{[%clk 1:29:14]} 6. Re1 {[%clk 1:30:49]} b5 {[%clk 1:29:12]} 7. Bb3
{[%clk 1:31:11]} d6 8. c3 {[%clk 1:26:27]} O-O {[%clk 1:29:41]} 9. a4 Bd7
{[%clk 1:23:40]} 10. d4 {[%clk 1:12:42]} h6 11. Nbd2 Re8 {[%clk 1:13:43]} 12. Nf1
{[%clk 0:50:21]} Bf8 {[%clk 1:12:04]} 13. Ng3 {[%clk 0:47:41]} Na5
{[%clk 1:04:36]} 14. Bc2 c5 {[%clk 1:01:47]} 15. h3 {[%clk 0:44:10]} Qc7
{[%clk 0:59:58]} 16. d5 {[%clk 0:39:11]} c4 {[%clk 0:48:40]} 17. Nh2 g6 18. f4
{[%clk 0:28:43]} exf4 {[%clk 0:48:54]} 19. Bxf4 {[%clk 0:29:05]} Nb3
{[%clk 0:43:03]} 20. Bxb3 {[%clk 0:25:42]} cxb3 {[%clk 0:43:22]} 21. axb5
{[%clk 0:25:46]} Bxb5 {[%clk 0:36:16]} 22. Nf3 {[%clk 0:23:51]} Nd7 23. Qd2
{[%clk 0:17:05]} Kh7 {[%clk 0:35:15]} 24. Nh1 {[%clk 0:11:34]} Ne5
{[%clk 0:28:42]} 25. Nd4 {[%clk 0:11:41]} Bc4 {[%clk 0:22:15]} 26. Nf2
{[%clk 0:11:53]} Bg7 {[%clk 0:21:20]} 27. Ra4 {[%clk 0:07:13]} Rad8
{[%clk 0:12:26]} 28. Rea1 {[%clk 0:06:59]} Rd7 {[%clk 0:12:33]} 29. Qd1
{[%clk 0:06:52]} Bf6 {[%clk 0:07:46]} 30. Nxb3 {[%clk 0:05:31]} Bb5
{[%clk 0:06:24]} 31. Rb4 {[%clk 0:05:36]} Bh4 {[%clk 0:06:21]} 32. g3
{[%clk 0:05:43]} Bf6 {[%clk 0:06:16]} 33. Nd4 {[%clk 0:05:38]} Rb8
{[%clk 0:06:13]} 34. Kg2 {[%clk 0:03:59]} Bg7 {[%clk 0:06:11]} 35. Nxb5
{[%clk 0:00:40]} Rxb5 {[%clk 0:06:22]} 36. Rxa6 {[%clk 0:00:52]} Rxb4
{[%clk 0:06:36]} 37. cxb4 {[%clk 0:01:18]} Qc4 {[%clk 0:05:22]} 38. Ra8
{[%clk 0:01:35]} Qxb4 {[%clk 0:03:43]} 39. Qc2 {[%clk 0:01:39]} Qc4
{[%clk 0:03:19]} 40. Qxc4 {[%clk 0:31:46]} Nxc4 {[%clk 0:33:42]} 41. b3
{[%clk 0:32:09]} Ne5 {[%clk 0:33:03]} 42. Bxe5 {[%clk 0:19:14]} Bxe5
{[%clk 0:33:23]} 43. Nd3 {[%clk 0:18:27]} Rc7 {[%clk 0:12:56]} 44. Nxe5
{[%clk 0:04:24]} dxe5 {[%clk 0:13:21]} 45. b4 {[%clk 0:04:51]} Rb7
{[%clk 0:05:34]} 46. Ra4 {[%clk 0:05:13]} Kg7 {[%clk 0:05:11]} 47. Kf3
{[%clk 0:05:04]} f5 {[%clk 0:01:31]} 48. Ke2 {[%clk 0:05:23]} Kf6
{[%clk 0:01:16]} 49. Kd3 {[%clk 0:03:11]} Kg5 {[%clk 0:00:44]} 50. Kc4
{[%clk 0:02:42]} Rc7+ {[%clk 0:00:57]} 51. Kb5 {[%clk 0:03:01]} Rc3
{[%clk 0:00:36]} 52. h4+ {[%clk 0:01:05]} Kg4 {[%clk 0:00:41]} 53. d6
{[%clk 0:00:44]} fxe4 {[%clk 0:01:01]} 54. d7 {[%clk 0:00:48]} Rd3
{[%clk 0:01:24]} 55. Kc6 {[%clk 0:01:14]} e3 {[%clk 0:01:02]} 56. b5+
{[%clk 0:01:05]} Kf5 {[%clk 0:01:11]} 57. Ra3 {[%clk 0:00:39]} Rd1
{[%clk 0:00:35]} 58. Rxe3 {[%clk 0:00:32]} Ke6 {[%clk 0:00:44]} 59. b6
{[%clk 0:00:36]} Rd6+ {[%clk 0:00:53]} 60. Kc7 {[%clk 0:00:58]} Rxd7+
{[%clk 0:01:19]} 61. Kc8 {[%clk 0:01:24]} Rd1 {[%clk 0:01:15]} 62. Rc3
{[%clk 0:01:17]} Rb1 {[%clk 0:00:57]} 63. b7 {[%clk 0:01:00]} e4 {[%clk 0:00:37]}
64. b8=Q {[%clk 0:01:04]} Rxb8+ {[%clk 0:01:01]} 65. Kxb8 {[%clk 0:01:31]} 1-0

[Event "Moscow Open 2018 AB"]
[Site "?"]
[Date "2018.01.29"]
[Round "3.5"]
[White "Lomasov, Semen"]
[Black "Vokhidov, Shamsiddin"]
[Result "1/2-1/2"]
[BlackElo "2401"]
[WhiteElo "2530"]
[LiveChessVersion "1.4.8"]

1. d4 {[%clk 1:30:56]} Nf6 {[%clk 1:30:33]} 2. c4 e6 {[%clk 1:30:47]} 3. g3
{[%clk 1:31:42]} Bb4+ {[%clk 1:29:54]} 4. Bd2 Be7 {[%clk 1:27:36]} 5. Bg2
{[%clk 1:31:01]} d5 {[%clk 1:27:59]} 6. Nf3 {[%clk 1:31:23]} O-O {[%clk 1:28:10]}
7. O-O {[%clk 1:31:30]} c6 {[%clk 1:28:37]} 8. Qc2 {[%clk 1:31:58]} Nbd7
{[%clk 1:28:40]} 9. Bf4 {[%clk 1:21:25]} Ne4 {[%clk 1:17:22]} 10. Nc3 f5 11. Rad1
{[%clk 1:19:03]} Nd6 {[%clk 1:12:28]} 12. b3 Nf6 {[%clk 1:02:29]} 13. Ne5
{[%clk 1:10:37]} Bd7 14. f3 {[%clk 1:06:30]} Be8 {[%clk 0:49:45]} 15. e4 dxe4
{[%clk 0:46:36]} 16. fxe4 {[%clk 1:05:50]} Bh5 17. Rd2 {[%clk 0:54:37]} Ndxe4
{[%clk 0:46:14]} 18. Nxe4 {[%clk 0:53:47]} fxe4 19. c5 h6 {[%clk 0:36:26]} 20.
Bxe4 {[%clk 0:40:57]} Nxe4 {[%clk 0:35:59]} 21. Qxe4 {[%clk 0:40:25]} Qd5
{[%clk 0:30:04]} 22. Qg2 {[%clk 0:28:20]} Bf6 23. Qxd5 {[%clk 0:16:50]} exd5
{[%clk 0:30:23]} 24. Nd7 {[%clk 0:17:16]} Rf7 {[%clk 0:30:46]} 25. Nxf6+
{[%clk 0:17:32]} Rxf6 {[%clk 0:31:12]} 26. Be5 {[%clk 0:15:52]} Rxf1+
{[%clk 0:30:39]} 27. Kxf1 {[%clk 0:16:20]} Rf8+ {[%clk 0:30:51]} 28. Rf2
{[%clk 0:16:33]} Bg6 {[%clk 0:31:03]} 29. Rxf8+ {[%clk 0:16:32]} Kxf8
{[%clk 0:31:29]} 30. Ke2 {[%clk 0:16:46]} Bb1 {[%clk 0:31:40]} 31. a3
{[%clk 0:17:03]} Bc2 {[%clk 0:31:58]} 32. b4 {[%clk 0:17:29]} Kf7
{[%clk 0:32:15]} 33. Bb8 {[%clk 0:17:09]} a6 {[%clk 0:32:36]} 34. Be5
{[%clk 0:15:43]} g5 {[%clk 0:32:47]} 35. g4 {[%clk 0:15:35]} Kg6 {[%clk 0:32:50]}
36. Kf2 {[%clk 0:15:40]} Bd1 {[%clk 0:32:58]} 37. Kg3 {[%clk 0:16:02]} h5
{[%clk 0:33:06]} 38. h3 {[%clk 0:16:11]} hxg4 {[%clk 0:33:17]} 39. hxg4
{[%clk 0:16:35]} Kh6 {[%clk 0:33:37]} 40. Bf6 {[%clk 0:46:54]} Kg6
{[%clk 1:03:53]} 41. Be7 {[%clk 0:47:19]} 1/2-1/2

[Event "Moscow Open 2018 AB"]
[Site "?"]
[Date "2018.01.29"]
[Round "3.6"]
[White "Harutjunyan, Gevorg"]
[Black "Tsydypov, Zhamsaran"]
[Result "1/2-1/2"]
[BlackElo "2523"]
[WhiteElo "2407"]
[LiveChessVersion "1.4.8"]

1. Nf3 {[%clk 1:30:56]} c5 {[%clk 1:28:10]} 2. g3 {[%clk 1:30:56]} b6
{[%clk 1:25:54]} 3. Bg2 {[%clk 1:31:06]} Bb7 {[%clk 1:26:20]} 4. c4
{[%clk 1:30:33]} Nf6 {[%clk 1:25:55]} 5. O-O {[%clk 1:30:44]} e6 {[%clk 1:26:07]}
6. Nc3 {[%clk 1:30:54]} Be7 {[%clk 1:26:10]} 7. Re1 {[%clk 1:30:37]} Ne4
{[%clk 1:20:09]} 8. Nxe4 {[%clk 1:29:57]} Bxe4 {[%clk 1:20:34]} 9. d3
{[%clk 1:30:19]} Bb7 {[%clk 1:20:59]} 10. e4 {[%clk 1:30:43]} O-O
{[%clk 1:20:44]} 11. d4 {[%clk 1:31:04]} cxd4 {[%clk 1:21:10]} 12. Nxd4
{[%clk 1:31:25]} d6 {[%clk 1:21:14]} 13. b3 {[%clk 1:30:10]} a6 {[%clk 1:17:09]}
14. Bb2 {[%clk 1:29:16]} Nd7 {[%clk 1:17:10]} 15. a4 {[%clk 1:12:00]} Nc5
{[%clk 1:12:49]} 16. Bc3 {[%clk 1:01:26]} Qc8 {[%clk 1:06:27]} 17. Qc2
{[%clk 0:56:24]} Bf6 {[%clk 1:05:02]} 18. Rad1 {[%clk 0:55:07]} Qc7
{[%clk 1:04:42]} 19. Rd2 {[%clk 0:52:22]} Rac8 {[%clk 1:04:21]} 20. f4
{[%clk 0:44:57]} Rfe8 {[%clk 1:02:05]} 21. Red1 {[%clk 0:39:54]} Qb8
{[%clk 0:57:55]} 22. Ne2 {[%clk 0:36:59]} Be7 {[%clk 0:57:19]} 23. g4
{[%clk 0:34:08]} Qa8 {[%clk 0:49:42]} 24. Ng3 {[%clk 0:33:25]} b5
{[%clk 0:50:07]} 25. axb5 {[%clk 0:25:15]} axb5 {[%clk 0:50:24]} 26. Ra1
{[%clk 0:24:48]} Qb8 {[%clk 0:49:37]} 27. Qb2 {[%clk 0:14:19]} bxc4
{[%clk 0:47:57]} 28. bxc4 Ba6 {[%clk 0:43:15]} 29. Qa2 {[%clk 0:09:01]} d5
{[%clk 0:35:57]} 30. Be5 {[%clk 0:02:12]} Bd6 {[%clk 0:28:13]} 31. Rb1
{[%clk 0:02:07]} Qa7 {[%clk 0:26:14]} 32. Bxd6 {[%clk 0:02:09]} Nxe4+
{[%clk 0:26:38]} 33. Kh1 {[%clk 0:02:14]} Nc3 {[%clk 0:26:31]} 34. Qa1
{[%clk 0:01:37]} Nxb1 {[%clk 0:26:54]} 35. Qxb1 {[%clk 0:01:58]} Rxc4
{[%clk 0:25:58]} 36. Qe1 {[%clk 0:01:24]} Rec8 {[%clk 0:22:44]} 37. Rd1
{[%clk 0:01:46]} Qb6 {[%clk 0:22:08]} 38. Be5 {[%clk 0:01:20]} Qc5
{[%clk 0:17:27]} 39. Bb2 {[%clk 0:00:44]} Qd6 {[%clk 0:14:57]} 40. f5
{[%clk 0:30:34]} d4 {[%clk 0:43:17]} 41. Qa5 {[%clk 0:25:12]} Qb4
{[%clk 0:33:09]} 42. Qxa6 {[%clk 0:24:42]} Qxb2 {[%clk 0:33:30]} 43. fxe6
{[%clk 0:24:56]} fxe6 {[%clk 0:33:55]} 44. Qxe6+ {[%clk 0:21:54]} Kh8
{[%clk 0:34:15]} 45. Bf1 {[%clk 0:20:06]} Rc2 {[%clk 0:30:40]} 46. Kg1
{[%clk 0:15:00]} Rg8 {[%clk 0:23:14]} 47. Ne4 {[%clk 0:07:21]} Rxh2
{[%clk 0:21:46]} 48. Qe5 {[%clk 0:03:49]} Rh4 {[%clk 0:20:17]} 49. Nf2
{[%clk 0:01:31]} Rf8 {[%clk 0:18:44]} 50. Qxd4 {[%clk 0:01:36]} Qa2
{[%clk 0:18:31]} 51. Bg2 {[%clk 0:00:57]} Qf7 {[%clk 0:18:55]} 52. Qe3
{[%clk 0:00:39]} Qc7 {[%clk 0:19:13]} 53. Qg5 {[%clk 0:00:32]} Rh6
{[%clk 0:18:54]} 54. Qe3 {[%clk 0:00:38]} Qh2+ {[%clk 0:19:16]} 55. Kf1
{[%clk 0:01:05]} Rhf6 {[%clk 0:19:41]} 56. Rd2 {[%clk 0:01:25]} Rf4
{[%clk 0:19:22]} 57. Qh3 {[%clk 0:01:12]} Qxh3 {[%clk 0:19:34]} 58. Bxh3
{[%clk 0:01:38]} g6 {[%clk 0:20:00]} 59. Kg1 {[%clk 0:01:54]} Kg7
{[%clk 0:20:23]} 60. g5 {[%clk 0:01:03]} R8f7 {[%clk 0:20:48]} 61. Bg2
{[%clk 0:01:00]} Rxf2 1/2-1/2

[Event "Moscow Open 2018 AB"]
[Site "?"]
[Date "2018.01.29"]
[Round "3.7"]
[White "Schekachikhin, Maksim"]
[Black "Iljiushenok, Ilia"]
[Result "1-0"]
[BlackElo "2512"]
[WhiteElo "2371"]
[LiveChessVersion "1.4.8"]

1. d4 {[%clk 1:30:56]} Nf6 {[%clk 1:30:53]} 2. c4 {[%clk 1:31:17]} g6
{[%clk 1:31:18]} 3. Nc3 {[%clk 1:31:31]} Bg7 4. e4 {[%clk 1:31:39]} d6
{[%clk 1:32:08]} 5. Be2 {[%clk 1:31:32]} O-O {[%clk 1:32:33]} 6. Bg5
{[%clk 1:30:08]} Na6 {[%clk 1:30:19]} 7. Nf3 {[%clk 1:28:58]} h6 {[%clk 1:26:32]}
8. Bh4 {[%clk 1:25:16]} Nh5 {[%clk 1:06:41]} 9. Qd2 {[%clk 1:25:16]} g5 10. Bg3
{[%clk 1:23:41]} e6 {[%clk 1:06:41]} 11. e5 g4 {[%clk 0:49:26]} 12. Bh4
{[%clk 1:22:09]} Qd7 {[%clk 0:49:11]} 13. Qe3 {[%clk 1:20:53]} gxf3
{[%clk 0:47:54]} 14. Bxf3 {[%clk 1:20:47]} dxe5 {[%clk 0:48:04]} 15. dxe5
{[%clk 1:21:00]} Nb4 {[%clk 0:48:21]} 16. O-O Nc2 {[%clk 0:39:21]} 17. Qe4
{[%clk 1:19:42]} Nxa1 {[%clk 0:27:19]} 18. Bxh5 {[%clk 1:17:43]} Nc2
{[%clk 0:26:58]} 19. Rd1 {[%clk 0:55:10]} Qc6 20. Qg4 {[%clk 0:53:34]} Kh7
{[%clk 0:25:48]} 21. Ne4 Bd7 {[%clk 0:15:38]} 22. Bf6 Rg8 23. Bxf7
{[%clk 0:30:05]} Bh8 {[%clk 0:15:15]} 24. Bg7 {[%clk 0:24:44]} Bxg7
{[%clk 0:15:16]} 25. Qg6+ {[%clk 0:24:54]} Kh8 {[%clk 0:15:44]} 26. Ng5
{[%clk 0:24:47]} 1-0

[Event "Moscow Open 2018 AB"]
[Site "?"]
[Date "2018.01.29"]
[Round "3.8"]
[White "Afanasiev, Nikita"]
[Black "Belyakov, Bogdan"]
[Result "1/2-1/2"]
[BlackElo "2486"]
[WhiteElo "2364"]
[LiveChessVersion "1.4.8"]

1. d4 {[%clk 1:30:57]} Nf6 2. c4 {[%clk 1:31:19]} g6 {[%clk 1:30:39]} 3. Nc3
{[%clk 1:31:42]} Bg7 {[%clk 1:31:04]} 4. g3 {[%clk 1:32:09]} c5 5. d5
{[%clk 1:24:54]} d6 {[%clk 1:28:10]} 6. Bg2 {[%clk 1:25:10]} O-O {[%clk 1:28:33]}
7. Nf3 {[%clk 1:25:12]} e5 8. O-O {[%clk 1:03:54]} a6 {[%clk 1:24:10]} 9. a4 a5
10. Ne1 {[%clk 0:56:27]} Na6 {[%clk 1:15:24]} 11. Nc2 {[%clk 0:55:32]} Nb4
{[%clk 1:14:46]} 12. e4 Bg4 13. f3 {[%clk 0:45:40]} Bd7 {[%clk 1:01:07]} 14. Ra3
{[%clk 0:45:33]} Nh5 15. Nb5 {[%clk 0:34:22]} Qe7 {[%clk 0:50:24]} 16. Ne1 Nf6
{[%clk 0:36:27]} 17. Bg5 {[%clk 0:31:08]} h6 {[%clk 0:36:14]} 18. Bd2
{[%clk 0:29:32]} Nh7 19. Qc1 {[%clk 0:24:32]} h5 {[%clk 0:34:09]} 20. Nd3 h4
{[%clk 0:27:00]} 21. Nf2 {[%clk 0:22:40]} hxg3 {[%clk 0:25:54]} 22. hxg3
{[%clk 0:23:08]} f5 {[%clk 0:26:01]} 23. Bh3 {[%clk 0:20:24]} Bf6
{[%clk 0:21:55]} 24. exf5 {[%clk 0:14:12]} gxf5 {[%clk 0:21:54]} 25. Kg2
{[%clk 0:14:23]} Ng5 {[%clk 0:19:37]} 26. Rh1 {[%clk 0:13:44]} Nxh3
{[%clk 0:19:45]} 27. Rxh3 {[%clk 0:12:48]} Rf7 {[%clk 0:19:14]} 28. Qh1
{[%clk 0:10:50]} Bxb5 {[%clk 0:16:40]} 29. axb5 {[%clk 0:11:13]} Nc2
{[%clk 0:17:02]} 30. Rc3 {[%clk 0:08:19]} Nd4 {[%clk 0:17:23]} 31. Bg5
{[%clk 0:08:36]} Raf8 {[%clk 0:12:17]} 32. Rh8+ {[%clk 0:05:59]} Bxh8
{[%clk 0:12:41]} 33. Bxe7 {[%clk 0:06:26]} Rxe7 {[%clk 0:13:06]} 34. b6
{[%clk 0:03:35]} Bf6 {[%clk 0:09:53]} 35. Qa1 {[%clk 0:03:38]} Ra8
{[%clk 0:08:51]} 36. Ra3 {[%clk 0:03:44]} Nc2 {[%clk 0:08:16]} 37. Qb1
{[%clk 0:03:26]} Nd4 {[%clk 0:06:29]} 38. Rd3 {[%clk 0:02:30]} Rf8
{[%clk 0:04:44]} 39. Rxd4 {[%clk 0:02:50]} exd4 {[%clk 0:05:05]} 40. Qxf5
{[%clk 0:33:15]} Re2 {[%clk 0:34:13]} 41. b3 {[%clk 0:22:09]} Bg7
{[%clk 0:25:26]} 42. Qg6 {[%clk 0:21:04]} Rb2 {[%clk 0:24:38]} 43. f4
{[%clk 0:16:06]} d3 {[%clk 0:23:58]} 44. Qxd3 {[%clk 0:14:57]} Bd4
{[%clk 0:24:22]} 45. Qg6+ {[%clk 0:08:02]} Kh8 {[%clk 0:24:41]} 46. Qh6+
{[%clk 0:08:24]} Kg8 {[%clk 0:25:06]} 47. Qg6+ {[%clk 0:07:31]} Kh8
{[%clk 0:25:29]} 48. Qxd6 {[%clk 0:06:42]} Rxf2+ {[%clk 0:25:51]} 49. Kh3
{[%clk 0:07:10]} Rf7 {[%clk 0:24:35]} 50. Qd8+ {[%clk 0:07:13]} Kh7
{[%clk 0:21:28]} 51. d6 {[%clk 0:04:31]} Rd2 {[%clk 0:16:06]} 52. Qh4+
{[%clk 0:02:28]} Kg8 {[%clk 0:16:04]} 53. Qg5+ {[%clk 0:02:00]} Bg7
{[%clk 0:15:44]} 54. Qxc5 {[%clk 0:02:09]} Bf8 {[%clk 0:15:47]} 55. Qxa5
{[%clk 0:02:01]} Rxd6 {[%clk 0:16:06]} 56. Kg2 {[%clk 0:01:17]} Rg7
{[%clk 0:15:00]} 57. Qf5 {[%clk 0:01:00]} Rdg6 {[%clk 0:10:27]} 58. Qd5+
{[%clk 0:01:16]} Kh8 {[%clk 0:10:17]} 59. Qh5+ {[%clk 0:01:41]} Kg8
{[%clk 0:10:43]} 60. Qd5+ {[%clk 0:02:08]} Kh8 {[%clk 0:11:06]} 1/2-1/2

[Event "Moscow Open 2018 AB"]
[Site "?"]
[Date "2018.01.29"]
[Round "3.9"]
[White "Malyshev, Grigory"]
[Black "Ivanov, Oleg V"]
[Result "1-0"]
[BlackElo "2450"]
[WhiteElo "2364"]
[LiveChessVersion "1.4.8"]

1. d4 {[%clk 1:30:58]} d5 {[%clk 1:30:44]} 2. c4 {[%clk 1:31:22]} c6
{[%clk 1:31:08]} 3. Nf3 {[%clk 1:31:46]} Nf6 {[%clk 1:31:28]} 4. e3
{[%clk 1:32:10]} Bf5 {[%clk 1:28:47]} 5. Nc3 {[%clk 1:32:05]} a6 {[%clk 1:29:04]}
6. a4 {[%clk 1:22:46]} e6 {[%clk 1:27:56]} 7. Nh4 {[%clk 1:20:12]} Be4
{[%clk 1:24:40]} 8. f3 {[%clk 1:17:43]} Bg6 {[%clk 1:24:28]} 9. Qb3
{[%clk 1:16:06]} Qc7 {[%clk 1:15:30]} 10. Bd2 {[%clk 1:13:06]} Be7
{[%clk 1:09:40]} 11. g3 {[%clk 1:11:31]} Nbd7 {[%clk 1:01:39]} 12. cxd5
{[%clk 1:00:57]} Nxd5 {[%clk 0:58:25]} 13. Nxg6 {[%clk 1:01:06]} hxg6
{[%clk 0:58:43]} 14. Kf2 {[%clk 1:00:47]} a5 {[%clk 0:44:34]} 15. Be2
{[%clk 0:45:15]} Nb4 {[%clk 0:41:50]} 16. Na2 {[%clk 0:37:59]} Nxa2
{[%clk 0:35:51]} 17. Qxa2 {[%clk 0:37:46]} Nb8 {[%clk 0:30:36]} 18. Bc3
{[%clk 0:27:00]} Na6 {[%clk 0:27:18]} 19. Bxa6 Rxa6 20. Qc4 {[%clk 0:23:54]} Qd7
{[%clk 0:21:03]} 21. Qe2 {[%clk 0:19:47]} Ra8 {[%clk 0:20:37]} 22. Kg2
{[%clk 0:17:02]} Kf8 {[%clk 0:16:32]} 23. h4 {[%clk 0:13:04]} Kg8
{[%clk 0:15:51]} 24. e4 {[%clk 0:09:14]} Rh5 {[%clk 0:13:18]} 25. Rad1
{[%clk 0:09:00]} b5 {[%clk 0:10:39]} 26. b3 {[%clk 0:09:18]} bxa4
{[%clk 0:08:37]} 27. bxa4 {[%clk 0:09:46]} c5 {[%clk 0:08:26]} 28. Qa2
{[%clk 0:06:25]} cxd4 {[%clk 0:05:34]} 29. Bxd4 {[%clk 0:06:14]} Qc6
{[%clk 0:05:39]} 30. Rc1 {[%clk 0:05:30]} Qa6 {[%clk 0:04:27]} 31. Bf2
{[%clk 0:03:24]} Rc8 {[%clk 0:02:38]} 32. Qd2 {[%clk 0:02:14]} Rd8
{[%clk 0:02:15]} 33. Qc2 {[%clk 0:01:35]} Ba3 {[%clk 0:01:11]} 34. Qc7
{[%clk 0:00:40]} Qa8 {[%clk 0:00:46]} 35. Rc2 {[%clk 0:00:48]} Bb4
{[%clk 0:00:34]} 36. Rhc1 {[%clk 0:00:40]} Rh8 {[%clk 0:00:44]} 37. Bb6
{[%clk 0:00:38]} Rb8 {[%clk 0:00:41]} 38. Qd7 {[%clk 0:00:34]} Qa6
{[%clk 0:00:36]} 39. Bf2 {[%clk 0:00:35]} Rf8 {[%clk 0:00:37]} 40. Rc6
{[%clk 0:30:42]} Qa8 {[%clk 0:30:39]} 41. Rc8 {[%clk 0:28:55]} Qa6
{[%clk 0:31:05]} 42. Rxf8+ {[%clk 0:28:30]} Bxf8 {[%clk 0:31:29]} 43. Rc7
{[%clk 0:28:47]} f6 {[%clk 0:29:37]} 44. Qf7+ {[%clk 0:28:23]} Kh7
{[%clk 0:30:02]} 45. h5 {[%clk 0:28:25]} g5 {[%clk 0:29:12]} 46. h6
{[%clk 0:26:54]} Rg8 {[%clk 0:28:18]} 47. Qh5 {[%clk 0:27:17]} 1-0

[Event "Moscow Open 2018 AB"]
[Site "?"]
[Date "2018.01.29"]
[Round "3.10"]
[White "Tran, Minh Thang"]
[Black "Shukh, Nikolai"]
[Result "0-1"]
[BlackElo "2435"]
[WhiteElo "2359"]
[LiveChessVersion "1.4.8"]

1. d4 {[%clk 1:30:58]} Nf6 {[%clk 1:30:14]} 2. c4 {[%clk 1:31:13]} g6
{[%clk 1:30:38]} 3. Nf3 {[%clk 1:31:36]} Bg7 {[%clk 1:31:03]} 4. g3
{[%clk 1:32:00]} O-O {[%clk 1:31:28]} 5. Bg2 {[%clk 1:32:26]} d5 {[%clk 1:31:51]}
6. cxd5 {[%clk 1:32:52]} Nxd5 {[%clk 1:32:18]} 7. O-O {[%clk 1:33:14]} Nc6
{[%clk 1:32:45]} 8. Nc3 {[%clk 1:33:39]} Nb6 {[%clk 1:31:40]} 9. e3
{[%clk 1:33:38]} e5 {[%clk 1:29:54]} 10. Nxe5 {[%clk 1:30:11]} Nxe5
{[%clk 1:28:00]} 11. dxe5 {[%clk 1:29:16]} Bxe5 {[%clk 1:28:20]} 12. Qc2
{[%clk 1:29:34]} c6 {[%clk 1:27:22]} 13. b3 {[%clk 1:24:47]} Bf5 {[%clk 1:22:46]}
14. e4 {[%clk 1:24:57]} Be6 {[%clk 1:23:05]} 15. Bh6 {[%clk 1:22:21]} Re8
{[%clk 1:21:46]} 16. Rad1 {[%clk 1:22:32]} Qe7 {[%clk 1:19:11]} 17. f4
{[%clk 1:22:18]} Qc5+ {[%clk 1:18:59]} 18. Rf2 {[%clk 1:21:13]} Bxc3
{[%clk 1:14:31]} 19. f5 {[%clk 1:18:33]} Bd4 {[%clk 1:11:13]} 20. Rxd4
{[%clk 1:18:41]} Qxd4 {[%clk 1:11:36]} 21. fxe6 {[%clk 1:19:07]} Rxe6
{[%clk 1:10:56]} 22. h4 {[%clk 1:19:32]} Nd7 {[%clk 1:01:46]} 23. Bh3
{[%clk 1:13:51]} Rd6 {[%clk 0:56:30]} 24. Bf4 {[%clk 1:07:54]} Ne5
{[%clk 0:53:15]} 25. Kg2 {[%clk 1:07:49]} Nd3 {[%clk 0:50:50]} 0-1

[Event "Moscow Open 2018 AB"]
[Site "?"]
[Date "2018.01.29"]
[Round "3.11"]
[White "Schepetkova, Margarita"]
[Black "Kashlinskaya, Alina"]
[Result "0-1"]
[BlackElo "2459"]
[WhiteElo "2243"]
[LiveChessVersion "1.4.8"]

1. d4 {[%clk 1:30:56]} Nf6 {[%clk 1:30:53]} 2. c4 {[%clk 1:31:08]} g6
{[%clk 1:31:15]} 3. Nc3 {[%clk 1:31:30]} Bg7 {[%clk 1:31:37]} 4. e4
{[%clk 1:31:54]} d6 {[%clk 1:31:59]} 5. Be2 {[%clk 1:32:14]} O-O {[%clk 1:32:15]}
6. Bg5 {[%clk 1:32:39]} c5 {[%clk 1:32:32]} 7. dxc5 {[%clk 1:31:37]} dxc5
{[%clk 1:32:51]} 8. Qxd8 {[%clk 1:20:01]} Rxd8 {[%clk 1:33:15]} 9. e5
{[%clk 1:11:30]} Ng4 {[%clk 1:33:29]} 10. Nd5 {[%clk 1:10:59]} Nc6
{[%clk 1:32:23]} 11. Rd1 {[%clk 0:59:32]} Bf5 {[%clk 1:23:50]} 12. f4
{[%clk 0:44:48]} f6 {[%clk 1:15:39]} 13. h3 {[%clk 0:33:15]} Ngxe5
{[%clk 1:05:28]} 14. Bxf6 {[%clk 0:31:22]} exf6 {[%clk 1:03:49]} 15. fxe5
{[%clk 0:31:47]} fxe5 {[%clk 1:03:54]} 16. g4 {[%clk 0:29:03]} Be4
{[%clk 0:55:56]} 17. Bf3 {[%clk 0:29:27]} Bc2 {[%clk 0:52:19]} 18. Rc1
{[%clk 0:24:04]} Nd4 {[%clk 0:45:51]} 19. Ne3 {[%clk 0:21:18]} e4
{[%clk 0:36:03]} 20. Nxc2 {[%clk 0:20:09]} Nxf3+ {[%clk 0:34:09]} 21. Nxf3 exf3
22. O-O {[%clk 0:17:35]} Rd2 {[%clk 0:34:13]} 23. Rf2 {[%clk 0:17:53]} Rad8
{[%clk 0:33:34]} 24. Rcf1 {[%clk 0:16:17]} Bxb2 {[%clk 0:31:06]} 25. a4
{[%clk 0:12:57]} Be5 {[%clk 0:24:59]} 26. Ne3 {[%clk 0:10:12]} Bd4
{[%clk 0:23:19]} 27. Re1 {[%clk 0:10:40]} Rd3 {[%clk 0:23:07]} 28. Rxf3
{[%clk 0:11:04]} Re8 {[%clk 0:23:30]} 29. Kf2 {[%clk 0:11:29]} Ra3
{[%clk 0:23:34]} 30. g5 {[%clk 0:10:15]} Rxa4 {[%clk 0:23:26]} 31. Kg3
{[%clk 0:10:08]} Ra3 {[%clk 0:20:05]} 32. Nc2 {[%clk 0:10:35]} Rxf3+
{[%clk 0:20:14]} 33. Kxf3 {[%clk 0:11:02]} Rxe1 {[%clk 0:20:23]} 34. Nxe1
{[%clk 0:11:30]} Kf7 {[%clk 0:19:13]} 35. Ke4 {[%clk 0:11:56]} Ke6
{[%clk 0:19:38]} 36. Nd3 {[%clk 0:12:22]} a5 {[%clk 0:16:42]} 37. Nf4+
{[%clk 0:12:47]} Kd6 {[%clk 0:17:07]} 38. Kd3 {[%clk 0:13:10]} a4
{[%clk 0:15:47]} 39. Kc2 {[%clk 0:13:35]} Ke5 {[%clk 0:16:10]} 40. Nd5
{[%clk 0:44:01]} b5 {[%clk 0:45:48]} 41. Nf6 {[%clk 0:42:49]} b4 {[%clk 0:46:05]}
0-1